000 00961cam a22003017a 4500
003 CHAP
005 20220329133704.0
008 971013s1990 r 00010 d
010 _a9511
011 _a10483
035 _a9720
040 _cCHAP
082 _a632.95042
_bW7
100 0 0 _aWright, Angus Lindsay.
_9122791
245 1 4 _aThe death of Ramón González
_b: the modern agricultural dilemma
260 _aAustin, Texas :
_bUniversity of Texas,
_c1990
300 _a337 p.
590 _aBATCH-UPD
_b10
_c20130110
_lUCH01
_h0859
590 _aCONVERSION
_b10
_c20130109
_lUCH01
_h1306
650 1 4 _aAgricultura
_xTrabajadores
_xSinaloa.
_91876
650 1 4 _aMixtecas.
_976269
650 1 4 _aOaxaca
_xCondiciones rurales.
_982477
650 1 4 _aPesticidas
_xEfecto en el medio ambiente.
_987548
650 1 4 _aPesticidas
_xToxicidad.
_987571
901 _aBK
942 _cLIBRO
949 _a632.95042 W7
_bBC
_cLIBRO
_d33724000183307
_eLIBRO
_h85723
_i9720
_mD
_si
999 _c9511
_d9511